00769nam a22001577a 4500008004100000020001500041050002800056245025500084260004200339300002100381440003100402800001700433942001200450999001600462952013300478140819b xxu||||| |||| 00| 0 eng d a0406094209 aKD276.3.L39(1892 vol.3) aThe Law Reports(1892 vol.3) Chancery division: of the incorporated council of law reporting, supreme court of judicature cases determined in the chancery division and in lunacy and on appeal therefrom in the court of appeal. /ceited by Hemming, G.W. aLondon:bButterworth & Co Ltd,c1892. aix,587p.:c24cm. pchancery division.vvol.3. aG.W.Hemming. 2lcccBK c3504d11004 00102lcc4070aWIUC-1bWIUC-1cLLd2014-08-19l0oKD276.3.L39(1892 vol.3)p1677/664/14r2014-08-19 00:00:00t1w2014-08-19yBK